| 000 | 00451nam a22001697a 4500 | ||
|---|---|---|---|
| 999 |
_c60526 _d60526 |
||
| 005 | 20230811151408.0 | ||
| 008 | 230811s1971 enk||||| |||| 00| 0 eng d | ||
| 020 | _a0714113662 | ||
| 041 | _aeng | ||
| 080 | _a738.2 J-76 | ||
| 100 |
_aJohns, Catherine _919666 |
||
| 245 |
_aArretine and Samian Pottery / _c Catherine Johns. |
||
| 264 |
_aLondon, _c1971. |
||
| 300 |
_a50 p.: _bill.; _c22 cm. |
||
| 653 | _aკერამიკა | ||
| 942 |
_2udc _cBK |
||